000
00222nam a22000857a 4500
008
170204b xxu||||| |||| 00| 0 eng d
100
_9
2779
_a
CBSE
245
_a
Secndary School Educatin 2014-2015
260
_a
CBSE
_b
New Delhi
_c
2014
999
_c
5971
_d
5971